<?xml version="1.0" encoding="UTF-8"?>
<collection xmlns="http://www.loc.gov/MARC21/slim">
 <record>
  <leader>04220nam a22006615i 4500</leader>
  <controlfield tag="001">978-3-319-44636-3</controlfield>
  <controlfield tag="003">DE-He213</controlfield>
  <controlfield tag="005">20210730192035.0</controlfield>
  <controlfield tag="007">cr nn 008mamaa</controlfield>
  <controlfield tag="008">160907s2016    gw |    s    |||| 0|eng d</controlfield>
  <datafield tag="020" ind1=" " ind2=" ">
   <subfield code="a">9783319446363</subfield>
   <subfield code="9">978-3-319-44636-3</subfield>
  </datafield>
  <datafield tag="024" ind1="7" ind2=" ">
   <subfield code="a">10.1007/978-3-319-44636-3</subfield>
   <subfield code="2">doi</subfield>
  </datafield>
  <datafield tag="050" ind1=" " ind2="4">
   <subfield code="a">Q334-342</subfield>
  </datafield>
  <datafield tag="072" ind1=" " ind2="7">
   <subfield code="a">UYQ</subfield>
   <subfield code="2">bicssc</subfield>
  </datafield>
  <datafield tag="072" ind1=" " ind2="7">
   <subfield code="a">COM004000</subfield>
   <subfield code="2">bisacsh</subfield>
  </datafield>
  <datafield tag="072" ind1=" " ind2="7">
   <subfield code="a">UYQ</subfield>
   <subfield code="2">thema</subfield>
  </datafield>
  <datafield tag="082" ind1="0" ind2="4">
   <subfield code="a">006.3</subfield>
   <subfield code="2">23</subfield>
  </datafield>
  <datafield tag="245" ind1="1" ind2="0">
   <subfield code="a">Advances in Artificial Intelligence</subfield>
   <subfield code="h">[electronic resource] :</subfield>
   <subfield code="b">17th Conference of the Spanish Association for Artificial Intelligence, CAEPIA 2016, Salamanca, Spain, September 14-16, 2016. Proceedings /</subfield>
   <subfield code="c">edited by Oscar Luaces, José A. Gámez, Edurne Barrenechea, Alicia Troncoso, Mikel Galar, Héctor Quintián, Emilio Corchado.</subfield>
  </datafield>
  <datafield tag="250" ind1=" " ind2=" ">
   <subfield code="a">1st ed. 2016.</subfield>
  </datafield>
  <datafield tag="264" ind1=" " ind2="1">
   <subfield code="a">Cham :</subfield>
   <subfield code="b">Springer International Publishing :</subfield>
   <subfield code="b">Imprint: Springer,</subfield>
   <subfield code="c">2016.</subfield>
  </datafield>
  <datafield tag="300" ind1=" " ind2=" ">
   <subfield code="a">XIX, 510 p. 134 illus.</subfield>
   <subfield code="b">online resource.</subfield>
  </datafield>
  <datafield tag="336" ind1=" " ind2=" ">
   <subfield code="a">text</subfield>
   <subfield code="b">txt</subfield>
   <subfield code="2">rdacontent</subfield>
  </datafield>
  <datafield tag="337" ind1=" " ind2=" ">
   <subfield code="a">computer</subfield>
   <subfield code="b">c</subfield>
   <subfield code="2">rdamedia</subfield>
  </datafield>
  <datafield tag="338" ind1=" " ind2=" ">
   <subfield code="a">online resource</subfield>
   <subfield code="b">cr</subfield>
   <subfield code="2">rdacarrier</subfield>
  </datafield>
  <datafield tag="347" ind1=" " ind2=" ">
   <subfield code="a">text file</subfield>
   <subfield code="b">PDF</subfield>
   <subfield code="2">rda</subfield>
  </datafield>
  <datafield tag="490" ind1="1" ind2=" ">
   <subfield code="a">Lecture Notes in Artificial Intelligence ;</subfield>
   <subfield code="v">9868</subfield>
  </datafield>
  <datafield tag="505" ind1="0" ind2=" ">
   <subfield code="a">Image and video -- Classification -- Clustering -- Multiagent Systems -- Machine Learning -- Applications -- Evolutionary and Genetic Algorithms -- Metaheuristics -- Optimization -- Fuzzy Logic: Foundations and applications.</subfield>
  </datafield>
  <datafield tag="520" ind1=" " ind2=" ">
   <subfield code="a">This book constitutes the refereed proceedings of the 16th Conference of the Spanish Association for Artificial Intelligence, CAEPIA 2016, held in Salamanca, Spain, in September 2016. The 47 revised full papers presented were carefully selected from 166 submissions. Apart from the presentation of technical full papers, the scientific program of CAEPIA 2016 included an App contest, a Doctoral Consortium and, as a follow-up to the success achieved in previously CAEPIA editions, a special session on outstanding recent papers (Key Works) already published in renowned journals or forums.</subfield>
  </datafield>
  <datafield tag="650" ind1=" " ind2="0">
   <subfield code="a">Artificial intelligence.</subfield>
  </datafield>
  <datafield tag="650" ind1=" " ind2="0">
   <subfield code="a">Application software.</subfield>
  </datafield>
  <datafield tag="650" ind1=" " ind2="0">
   <subfield code="a">Computers.</subfield>
  </datafield>
  <datafield tag="650" ind1=" " ind2="0">
   <subfield code="a">Information storage and retrieval.</subfield>
  </datafield>
  <datafield tag="650" ind1=" " ind2="0">
   <subfield code="a">Algorithms.</subfield>
  </datafield>
  <datafield tag="650" ind1=" " ind2="0">
   <subfield code="a">Computer communication systems.</subfield>
  </datafield>
  <datafield tag="650" ind1="1" ind2="4">
   <subfield code="a">Artificial Intelligence.</subfield>
   <subfield code="0">https://scigraph.springernature.com/ontologies/product-market-codes/I21000</subfield>
  </datafield>
  <datafield tag="650" ind1="2" ind2="4">
   <subfield code="a">Information Systems Applications (incl. Internet).</subfield>
   <subfield code="0">https://scigraph.springernature.com/ontologies/product-market-codes/I18040</subfield>
  </datafield>
  <datafield tag="650" ind1="2" ind2="4">
   <subfield code="a">Computation by Abstract Devices.</subfield>
   <subfield code="0">https://scigraph.springernature.com/ontologies/product-market-codes/I16013</subfield>
  </datafield>
  <datafield tag="650" ind1="2" ind2="4">
   <subfield code="a">Information Storage and Retrieval.</subfield>
   <subfield code="0">https://scigraph.springernature.com/ontologies/product-market-codes/I18032</subfield>
  </datafield>
  <datafield tag="650" ind1="2" ind2="4">
   <subfield code="a">Algorithm Analysis and Problem Complexity.</subfield>
   <subfield code="0">https://scigraph.springernature.com/ontologies/product-market-codes/I16021</subfield>
  </datafield>
  <datafield tag="650" ind1="2" ind2="4">
   <subfield code="a">Computer Communication Networks.</subfield>
   <subfield code="0">https://scigraph.springernature.com/ontologies/product-market-codes/I13022</subfield>
  </datafield>
  <datafield tag="700" ind1="1" ind2=" ">
   <subfield code="a">Luaces, Oscar.</subfield>
   <subfield code="e">editor.</subfield>
   <subfield code="4">edt</subfield>
   <subfield code="4">http://id.loc.gov/vocabulary/relators/edt</subfield>
  </datafield>
  <datafield tag="700" ind1="1" ind2=" ">
   <subfield code="a">Gámez, José A.</subfield>
   <subfield code="e">editor.</subfield>
   <subfield code="4">edt</subfield>
   <subfield code="4">http://id.loc.gov/vocabulary/relators/edt</subfield>
  </datafield>
  <datafield tag="700" ind1="1" ind2=" ">
   <subfield code="a">Barrenechea, Edurne.</subfield>
   <subfield code="e">editor.</subfield>
   <subfield code="4">edt</subfield>
   <subfield code="4">http://id.loc.gov/vocabulary/relators/edt</subfield>
  </datafield>
  <datafield tag="700" ind1="1" ind2=" ">
   <subfield code="a">Troncoso, Alicia.</subfield>
   <subfield code="e">editor.</subfield>
   <subfield code="0">(orcid)0000-0002-9801-7999</subfield>
   <subfield code="1">https://orcid.org/0000-0002-9801-7999</subfield>
   <subfield code="4">edt</subfield>
   <subfield code="4">http://id.loc.gov/vocabulary/relators/edt</subfield>
  </datafield>
  <datafield tag="700" ind1="1" ind2=" ">
   <subfield code="a">Galar, Mikel.</subfield>
   <subfield code="e">editor.</subfield>
   <subfield code="4">edt</subfield>
   <subfield code="4">http://id.loc.gov/vocabulary/relators/edt</subfield>
  </datafield>
  <datafield tag="700" ind1="1" ind2=" ">
   <subfield code="a">Quintián, Héctor.</subfield>
   <subfield code="e">editor.</subfield>
   <subfield code="4">edt</subfield>
   <subfield code="4">http://id.loc.gov/vocabulary/relators/edt</subfield>
  </datafield>
  <datafield tag="700" ind1="1" ind2=" ">
   <subfield code="a">Corchado, Emilio.</subfield>
   <subfield code="e">editor.</subfield>
   <subfield code="4">edt</subfield>
   <subfield code="4">http://id.loc.gov/vocabulary/relators/edt</subfield>
  </datafield>
  <datafield tag="710" ind1="2" ind2=" ">
   <subfield code="a">SpringerLink (Online service)</subfield>
  </datafield>
  <datafield tag="773" ind1="0" ind2=" ">
   <subfield code="t">Springer Nature eBook</subfield>
  </datafield>
  <datafield tag="776" ind1="0" ind2="8">
   <subfield code="i">Printed edition:</subfield>
   <subfield code="z">9783319446356</subfield>
  </datafield>
  <datafield tag="776" ind1="0" ind2="8">
   <subfield code="i">Printed edition:</subfield>
   <subfield code="z">9783319446370</subfield>
  </datafield>
  <datafield tag="830" ind1=" " ind2="0">
   <subfield code="a">Lecture Notes in Artificial Intelligence ;</subfield>
   <subfield code="v">9868</subfield>
  </datafield>
  <datafield tag="856" ind1="4" ind2="0">
   <subfield code="u">https://doi.org/10.1007/978-3-319-44636-3</subfield>
  </datafield>
  <datafield tag="912" ind1=" " ind2=" ">
   <subfield code="a">ZDB-2-SCS</subfield>
  </datafield>
  <datafield tag="912" ind1=" " ind2=" ">
   <subfield code="a">ZDB-2-SXCS</subfield>
  </datafield>
  <datafield tag="912" ind1=" " ind2=" ">
   <subfield code="a">ZDB-2-LNC</subfield>
  </datafield>
  <datafield tag="950" ind1=" " ind2=" ">
   <subfield code="a">Computer Science (SpringerNature-11645)</subfield>
  </datafield>
  <datafield tag="950" ind1=" " ind2=" ">
   <subfield code="a">Computer Science (R0) (SpringerNature-43710)</subfield>
  </datafield>
 </record>
</collection>
